[Event "Budapest FS03 IM-A"]
[Site "Budapest"]
[Date "2002.03.10"]
[Round "9"]
[White "Eperjesi, Laszlo"]
[Black "Ashok, Koneru"]
[Result "1/2-1/2"]
[WhiteElo "2276"]
[BlackElo "2182"]
[PlyCount "70"]
[EventDate "2002.03.02"]
[EventType "tourn"]
[EventRounds "9"]
[EventCountry "HUN"]
[EventCategory "2"]
[SourceTitle "CBM 087 Extra"]
[Source "ChessBase"]
[SourceDate "2002.05.03"]
[SourceVersion "2"]
[SourceVersionDate "2002.08.09"]
[SourceQuality "1"]

1. d4 Nf6 2. Nf3 d5 3. c4 c6 4. e3 e6 5. Nbd2 Nbd7 6. Bd3 dxc4 7. Nxc4 Bb4+ 8. Bd2 Bxd2+ 9. Qxd2 0-0 10. 0-0 c5 11. Rfd1 Qe7 12. Rac1 b6 13. e4 Bb7 14. Qf4 cxd4 15. e5 Nh5 16. Qg4 Bxf3 17. Qxf3 g6 18. Qe4 Nc5 19. Qxd4 Rad8 20. Nd6 Nxd3 21. Rxd3 Qg5 22. Rdd1 Nf4 23. Qe4 f6 24. h4 Qg4 25. Kf1 Qxh4 26. g3 Qh3+ 27. Ke1 Nd5 28. Rxd5 exd5 29. Qxd5+ Kh8 30. Nf7+ Rxf7 31. Qxd8+ Kg7 32. exf6+ Kh6 33. Qd6 Qh1+ 34. Kd2 Qf3 35. Qd4 Qxf6 1/2-1/2

[Event "Budapest FS12 IM-B"]
[Site "Budapest"]
[Date "2001.12.10"]
[Round "10"]
[White "Ashok, Koneru"]
[Black "Kaposztas, Miklos"]
[Result "1/2-1/2"]
[WhiteElo "2199"]
[BlackElo "2210"]
[PlyCount "38"]
[EventDate "2001.12.01"]
[EventType "tourn"]
[EventRounds "10"]
[EventCountry "HUN"]
[EventCategory "2"]
[SourceTitle "CBM 085 Extra"]
[Source "ChessBase"]
[SourceDate "2002.01.21"]
[SourceVersion "1"]
[SourceVersionDate "2002.01.21"]
[SourceQuality "1"]

1. Nf3 g6 2. e4 Bg7 3. d4 c5 4. Nc3 Qa5 5. Be2 Nc6 6. d5 Nd4 7. 0-0 a6 8. Nxd4 cxd4 9. Nb1 e6 10. Nd2 b5 11. f4 Qb6 12. Kh1 Bb7 13. dxe6 dxe6 14. a4 Ne7 15. axb5 axb5 16. Rxa8+ Bxa8 17. Bd3 0-0 18. Qe2 Rc8 19. Nf3 Rb8 1/2-1/2

[Event "Budapest FS12 IM-B"]
[Site "Budapest"]
[Date "2001.12.03"]
[Round "3"]
[White "Eperjesi, Laszlo"]
[Black "Ashok, Koneru"]
[Result "1-0"]
[WhiteElo "2294"]
[BlackElo "2199"]
[PlyCount "109"]
[EventDate "2001.12.01"]
[EventType "tourn"]
[EventRounds "10"]
[EventCountry "HUN"]
[EventCategory "2"]
[SourceTitle "CBM 085 Extra"]
[Source "ChessBase"]
[SourceDate "2002.01.21"]
[SourceVersion "1"]
[SourceVersionDate "2002.01.21"]
[SourceQuality "1"]

1. d4 Nf6 2. Nf3 d6 3. c4 Bg4 4. Nc3 Bxf3 5. exf3 Nbd7 6. Be2 e6 7. Qb3 Rb8 8. 0-0 Be7 9. Be3 b6 10. Rad1 0-0 11. f4 c6 12. d5 exd5 13. cxd5 c5 14. a4 Ne8 15. Rfe1 Nc7 16. Nb5 Rb7 17. Bc4 Nb8 18. Qd3 Bf6 19. Re2 Qd7 20. Rde1 a6 21. Nxc7 Rxc7 22. b3 Qc8 23. Bd2 g6 24. Re4 Qf5 25. Qe2 h5 26. f3 h4 27. Re8 Rc8 28. Rxc8 Qxc8 29. Qd3 h3 30. g4 Bd4+ 31. Kf1 Re8 32. Rxe8+ Qxe8 33. Qe4 Qd8 34. f5 gxf5 35. Qxf5 Nd7 36. Bd3 Nf8 37. Bxa6 Ng6 38. g5 Qa8 39. Qc8+ Qxc8 40. Bxc8 Be5 41. Bxh3 Bxh2 42. Bf5 Ne7 43. Be4 Be5 44. f4 Bb2 45. Ke2 f5 46. gxf6 Bxf6 47. Kd3 Nc8 48. Bf5 Na7 49. Be6+ Kf8 50. Kc4 Ke7 51. b4 Bh4 52. b5 Kd8 53. Bc3 Bg3 54. f5 Bh4 55. f6 1-0

[Event "Budapest FS12 IM-B"]
[Site "Budapest"]
[Date "2001.12.01"]
[Round "1"]
[White "Tian, Tian"]
[Black "Ashok, Koneru"]
[Result "1-0"]
[WhiteElo "2355"]
[BlackElo "2199"]
[PlyCount "99"]
[EventDate "2001.12.01"]
[EventType "tourn"]
[EventRounds "10"]
[EventCountry "HUN"]
[EventCategory "2"]
[SourceTitle "CBM 085 Extra"]
[Source "ChessBase"]
[SourceDate "2002.01.21"]
[SourceVersion "1"]
[SourceVersionDate "2002.01.21"]
[SourceQuality "1"]

1. e4 d5 2. e5 c5 3. f4 Nc6 4. Nf3 Bg4 5. Be2 e6 6. 0-0 Nh6 7. c3 Nf5 8. Na3 c4 9. Nc2 Qb6+ 10. Kh1 h5 11. Ne3 Nxe3 12. dxe3 Bc5 13. Nd4 Bxe2 14. Qxe2 Bxd4 15. exd4 Ne7 16. Rf3 Nf5 17. Rh3 0-0-0 18. Rxh5 g6 19. Rxh8 Rxh8 20. Kg1 a6 21. g4 Ne7 22. Be3 Qa5 23. Qf1 Qa4 24. Qg2 Rg8 25. a3 Qe8 26. Rb1 Nc6 27. Rf1 Ne7 28. Rb1 Nc6 29. Bf2 Qf8 30. Bh4 Na5 31. Bg5 Nb3 32. h4 b5 33. Rf1 Qg7 34. f5 gxf5 35. gxf5 Qh7 36. Qg4 Kd7 37. Qf4 Rg7 38. Rf2 a5 39. Kh2 Kc6 40. fxe6 fxe6 41. Qf6 Qg8 42. Qf8 Qxf8 43. Rxf8 b4 44. axb4 axb4 45. Re8 Kd7 46. Ra8 bxc3 47. bxc3 Rg6 48. Kh3 Kc6 49. Kg4 Kb7 50. Re8 1-0